EKOMSTAT 2005 štatistické metódy v praxi
Gespeichert in:
| Körperschaft: | |
|---|---|
| Weitere Verfasser: | , |
| Format: | Buch |
| Sprache: | Slowakisch |
| Veröffentlicht: |
Bratislava
Slovenská štatistická a demografická spoločnosť
2005
|
| Schlagworte: | |
| Tags: |
Keine Tags, Fügen Sie das erste Tag hinzu!
|
MARC
| LEADER | 00000nam$a2200000$$$4500 | ||
|---|---|---|---|
| 001 | 0041649 | ||
| 005 | 20240502071511.7 | ||
| 020 | |a 80-88946-43-3 | ||
| 041 | 0 | |a slo | |
| 044 | |a SK | ||
| 245 | 1 | 0 | |a EKOMSTAT 2005 |b štatistické metódy v praxi |c zostavili: Jozef Chajdiak, Ján Luha |
| 264 | 1 | |a Bratislava |b Slovenská štatistická a demografická spoločnosť |c 2005 | |
| 300 | |a 135 s. | ||
| 610 | 2 | 0 | |a metódy štatistické |
| 610 | 2 | 0 | |a analýza štatistická |
| 610 | 2 | 0 | |a vývoj hospodársky |
| 610 | 2 | 0 | |a makroekonomika |
| 610 | 2 | 0 | |a modely regresné |
| 610 | 2 | 0 | |a modely lineárne |
| 610 | 2 | 0 | |a modely ekonometrické |
| 610 | 2 | 0 | |a modelovanie ekonometrické |
| 610 | 2 | 0 | |a obdobie prechodné |
| 610 | 2 | 0 | |a prognózy |
| 610 | 2 | 0 | |a analýza ekonomická |
| 610 | 2 | 0 | |a podnik |
| 610 | 2 | 0 | |a podnik priemyselný |
| 610 | 2 | 0 | |a produkt domáci hrubý |
| 610 | 2 | 0 | |a ukazovatele makroekonomické |
| 610 | 2 | 0 | |a Slovensko |
| 610 | 2 | 0 | |a Európska únia |
| 700 | 1 | |a Chajdiak, Jozef | |
| 700 | 1 | |a Luha, Ján | |
| 110 | 2 | |a EKOMSTAT 2005. Konferencia | |